Datum a čas kvízu
34
Celkem bodů
Celkový počet nahraných bodů na tomto kvízu bez doplňovacích otázek.
6.
Pořadí na kvízu
Konečné umístění týmu na tomto kvízu.
Zaznamenané odpovědi
| # | Otázka | Odpověď | Body | Výsledky |
|---|---|---|---|---|
| 1. | V neděli se v Brně konal 11. r... | švihlá chůze | 1 | |
| 2. | Polský velmistr Jan-Krzystof D... | nepodal mu ruku | 1 | |
| 3. | Jeden český muzikant si dal mi... | Mirai Navrátil | 1 | |
| 4. | Společnost Microsoft se rozhod... | Copilot | 0 | |
| 5. | Kolik gólů během posledních dv... | 4 branky | 1 | |
| 6. | Rok 2023 je již za námi, spole... | D | 1 | |
| 7. | Mnoho let se tvůrci pokoušeli... | One Piece; Netflix | 1 | |
| 8. | Na motivy života kterého fotba... | Davida Beckhama | 1 | |
| 9. | Na motivy díla kterého americk... | E. A. Poe | 1 | |
| 10. | V poslední otázce se podíváme... | Banáni | 1 |